00886nab a22001937a 4500003000400000005001700004008004100021040000700062100003000069245014000099300001300239505018400252505007200436650002300508650002100531650001400552650002800566773009800594OSt20260107120012.0190514b xxu||||| |||| 00| 0 spa d cPJ aDi Pietro, Ana Candelaria10aCuidados y alimentos de niños, niñas y adolescentes desde una mirada de derechos humanos y de género /cAna Candelaria Di Pietro. ap. 31-46 aSumario: I. Introducción.— II. El cuidado como derecho humano.— III. Nivel de vida adecuado como derecho humano.— IV. Responsabilidad del Estado. Conclusiones provisorias. tSi te interesa el texto, comunicate a koha@justierradelfuego.gov.ar 0aDERECHO DE FAMILIA 0aDERECHOS HUMANOS 0aALIMENTOS 0aPERSPECTIVA DE GÉNERO0 02844dBuenos Aires : AbeledoPerrot, 1989-tDerecho de familia. N° 118 - Marzo 2025z18511201